Principles and applications of electrochemistry

Uloženo v:
Podrobná bibliografie
Hlavní autor: Creighton, H. Jermain (Autor)
Médium: Kniha
Jazyk:angličtina
Vydáno: Nueva York John Wiley 1943
Vydání:4a. ed
Témata:
Tagy: Přidat tag
Žádné tagy, Buďte první, kdo vytvoří štítek k tomuto záznamu!

MARC

LEADER 00000nam a2200000 a 4500
001 UCT1366
003 CL-VaPUC
008 960927e19430000US |||||||||||||||||eng|d
082 0 4 |a 530.141  |b CRE  |2 21 
100 0 |a Creighton, H. Jermain  |e author  |9 370197 
245 1 0 |a Principles and applications of electrochemistry 
250 |a 4a. ed 
300 |a 2 v 
942 |c BK 
945 |d 19960927 00:00:00  |a cmena 
260 |a Nueva York  |b John Wiley  |c 1943 
500 |a v.1: Principles 
650 0 |a Electroquímica  |9 263973 
650 0 |a Química física  |9 260596 
650 0 |a Tecnología química   |9 263002 
650 7 |a ELECTROLISIS  |2 CL-VaPUC  |9 360639 
650 7 |a EQUILIBRIOS QUIMICOS  |2 CL-VaPUC  |9 336637 
650 7 |a HIDROLISIS  |2 CL-VaPUC  |9 354472 
650 0 |a Mecánica de fluidos   |9 259464 
583 |a last modification  |c 19960927 00:00:00  |k Rodrigo Vera 
999 |c 251907  |d 251905